[Event "Oberliga Nord O 1819"]
[Site "Germany"]
[Date "2019.04.07"]
[Round "9.7"]
[White "Kuersten, Ruediger"]
[Black "Schmidt, Jevgen"]
[Result "1-0"]
[WhiteElo "2193"]
[BlackElo "1865"]
[PlyCount "63"]
[EventDate "2018.10.21"]
[EventType "team-tourn"]
[EventRounds "9"]
[EventCountry "GER"]
[SourceTitle "EXT 2020"]
[Source "ChessBase"]
[SourceDate "2019.10.17"]
[SourceVersion "1"]
[SourceVersionDate "2019.10.17"]
[SourceQuality "1"]
[WhiteTeam "Greifswald"]
[BlackTeam "Berlin Makkabi"]
[WhiteTeamCountry "GER"]
[BlackTeamCountry "GER"]

1. d4 Nf6 2. Nf3 d6 3. g3 Nbd7 4. Bg2 e5 5. dxe5 dxe5 6. 0-0 Be7 7. a4 a5 8. Nc3 c6 9. Nd2 0-0 10. Nc4 Qc7 11. Bd2 Rd8 12. Qe1 Nb6 13. Na3 Bf5 14. Ncb1 Bb4 15. e4 Be6 16. b3 Rxd2 17. Nxd2 Rd8 18. Nab1 Qd6 19. c3 Bxc3 20. Nxc3 Qxd2 21. Rb1 Qxe1 22. Rfxe1 Kf8 23. Red1 Rd4 24. f3 Rb4 25. Rb2 Nc4 26. Rbb1 Na3 27. Rbc1 Bxb3 28. Rd8+ Ke7 29. Ra8 Nc4 30. Bf1 b6 31. Ra7+ Nd7 32. Bh3 1-0

[Event "Oberliga Nord O 1819"]
[Site "Germany"]
[Date "2018.10.21"]
[Round "1.8"]
[White "Lachmann, Utz"]
[Black "Schmidt, Jevgen"]
[Result "1-0"]
[WhiteElo "2191"]
[BlackElo "1865"]
[PlyCount "45"]
[EventDate "2018.10.21"]
[EventType "team-tourn"]
[EventRounds "9"]
[EventCountry "GER"]
[SourceTitle "EXT 2020"]
[Source "ChessBase"]
[SourceDate "2019.10.17"]
[SourceVersion "1"]
[SourceVersionDate "2019.10.17"]
[SourceQuality "1"]
[WhiteTeam "Berlin SF III"]
[BlackTeam "Berlin Makkabi"]
[WhiteTeamCountry "GER"]
[BlackTeamCountry "GER"]

1. e4 d6 2. d4 Nf6 3. Nc3 Nbd7 4. f4 e5 5. Nf3 exd4 6. Nxd4 g6 7. Be2 Bg7 8. 0-0 0-0 9. Bf3 Re8 10. Re1 Nc5 11. b4 Nfxe4 12. Nxe4 f5 13. bxc5 fxe4 14. Bxe4 Rxe4 15. Rxe4 dxc5 16. Bb2 cxd4 17. Qe2 Bf5 18. Qc4+ Kh8 19. Rxd4 Qe7 20. Qb3 Qc5 21. Qe3 Qxc2 22. Rad1 Bxd4 23. Qxd4+ 1-0

[Event "Oberliga Nord O 1617"]
[Site "Germany"]
[Date "2017.05.07"]
[Round "9.8"]
[White "Schmidt, Jevgen"]
[Black "Heckert, Klaus Dieter"]
[Result "0-1"]
[WhiteElo "1864"]
[BlackElo "2047"]
[PlyCount "50"]
[EventDate "2016.10.16"]
[EventType "team-tourn"]
[EventRounds "9"]
[EventCountry "GER"]
[SourceTitle "EXT 2018"]
[Source "ChessBase"]
[SourceDate "2017.10.13"]
[SourceVersion "1"]
[SourceVersionDate "2017.10.13"]
[SourceQuality "1"]
[WhiteTeam "Berlin Makkabi"]
[BlackTeam "Oranienburg"]
[WhiteTeamCountry "GER"]
[BlackTeamCountry "GER"]

1. d4 f5 2. Nc3 d5 3. Bf4 e6 4. Nf3 Nf6 5. e3 Bb4 6. Bd3 c5 7. a3 Bxc3+ 8. bxc3 Qa5 9. Qd2 c4 10. Be2 Ne4 11. Qc1 Qxc3+ 12. Kf1 0-0 13. Rg1 Nd7 14. g4 e5 15. dxe5 fxg4 16. Rxg4 Ndc5 17. e6 Nxe6 18. Be5 Qa5 19. Qd1 Rf7 20. Kg2 Bd7 21. Rxe4 dxe4 22. Nd4 Qxe5 23. Bxc4 Raf8 24. f4 exf3+ 25. Nxf3 Bc6 0-1